[Event "Kreismeisterschaft Mittelfranken Mitte 2"]
[Site "Nuernberg"]
[Date "2026.01.06"]
[Round "7.16"]
[White "Hahn, Thomas"]
[Black "Nuesslein, Christian Thomas"]
[Result "1-0"]
[WhiteElo "1813"]
[BlackElo "1791"]
[PlyCount "79"]
[EventDate "2026.01.02"]
[WhiteTeam "Spvg Zabo-Eintracht NÃ¼rnberg e.V"]
[BlackTeam "SC Anderssen NÃ¼rnberg 1929 e.V."]

1. e4 Nf6 2. Nc3 d5 3. e5 d4 4. exf6 dxc3 5. fxg7 cxd2+ 6. Bxd2 Bxg7 7. c3 Bf5
8. Qb3 b6 9. O-O-O Nd7 10. Bb5 Rc8 11. Bc6 O-O 12. Bxd7 Qxd7 13. Be3 Qc6 14.
Nf3 Bg4 15. Qd5 Qxd5 16. Rxd5 Be6 17. Rg5 Kh8 18. a3 f5 19. Bd4 Bxd4 20. Nxd4
Bd7 21. Re1 Rce8 22. f4 Rf6 23. Rg3 c5 24. Nf3 Rg6 25. Rxg6 hxg6 26. Ne5 Bc8
27. Nxg6+ Kg7 28. Rxe7+ Rxe7 29. Nxe7 Bb7 30. Nxf5+ Kf6 31. Ne3 b5 32. g4 a5
33. h4 Be4 34. b4 axb4 35. cxb4 c4 36. Kd2 Bf3 37. Kc3 Bc6 38. Kd4 Bd7 39. h5
Kg7 40. g5 1-0

[Event "Kreismeisterschaft Mittelfranken Mitte 2"]
[Site "Nuernberg"]
[Date "2026.01.06"]
[Round "7.17"]
[White "Walch, Roger"]
[Black "Martick, Ralph"]
[Result "1/2-1/2"]
[WhiteElo "1779"]
[BlackElo "1767"]
[PlyCount "77"]
[EventDate "2026.01.02"]
[WhiteTeam "SC Schwarz-WeiÃŸ NÃ¼rnberg SÃ¼d e.V"]
[BlackTeam "SV Postbauer e.V."]

1. e4 c5 2. Nf3 Nc6 3. c4 g6 4. d4 cxd4 5. Nxd4 Nf6 6. Nc3 Nxd4 7. Qxd4 d6 8.
Be2 Bg7 9. O-O O-O 10. Qd3 a5 11. Rb1 a4 12. f3 Be6 13. Be3 Qa5 14. Nd5 Nxd5
15. cxd5 Bd7 16. Rfc1 Rfc8 17. Rc4 Rxc4 18. Qxc4 Rc8 19. Qd3 h6 20. h3 b5 21.
a3 b4 22. Qd2 Kh7 23. Kh2 Qa8 24. axb4 a3 25. bxa3 Qxa3 26. Bd4 Bxd4 27. Qxd4
Qa2 28. Bd3 Qd2 29. e5 Rc2 30. Rg1 Bb5 31. Bxg6+ fxg6 32. Qa7 Qf4+ 33. Kh1 Qxe5
34. f4 Qf5 35. Qxe7+ Kg8 36. Re1 Rc8 37. Qxd6 Bd7 38. Re7 Ba4 39. Re6 1/2-1/2

[Event "Kreismeisterschaft Mittelfranken Mitte 2"]
[Site "Nuernberg"]
[Date "2026.01.06"]
[Round "7.18"]
[White "Klinger, Klaus"]
[Black "Hestermann, Hans-Ludwig"]
[Result "1-0"]
[WhiteElo "1774"]
[BlackElo "1909"]
[PlyCount "63"]
[EventDate "2026.01.02"]
[WhiteTeam "Spvg Zabo-Eintracht NÃ¼rnberg e.V"]
[BlackTeam "Spvg Zabo-Eintracht NÃ¼rnberg e.V"]

1. e4 e6 2. Nc3 d5 3. d4 dxe4 4. Nxe4 b6 5. Be3 Bb7 6. Qf3 c6 7. Bc4 Qd7 8.
O-O-O Be7 9. Bf4 Nf6 10. Ne2 Na6 11. Be5 Nxe4 12. Qxe4 b5 13. Bb3 f5 14. Qe3
Nb4 15. Bxg7 Rg8 16. Bxe6 Rxg7 17. Bxd7+ Kxd7 18. a3 Nd5 19. Qe5 Rf7 20. Nf4
Nxf4 21. Qxf4 Re8 22. Rhe1 Rg7 23. Qxf5+ Kd8 24. Kb1 Bc8 25. Qe4 Bd7 26. Qe5
Rxg2 27. Qb8+ Bc8 28. Qxa7 Rxf2 29. d5 c5 30. Qb6+ Kd7 31. d6 Bd8 32. Qxb5# 1-0

[Event "Kreismeisterschaft Mittelfranken Mitte 2"]
[Site "Nuernberg"]
[Date "2026.01.06"]
[Round "7.19"]
[White "Becker, Christian"]
[Black "Barnowski, Roman"]
[Result "0-1"]
[WhiteElo "1788"]
[BlackElo "1730"]
[PlyCount "140"]
[EventDate "2026.01.02"]
[WhiteTeam "SC Schwarz-WeiÃŸ NÃ¼rnberg SÃ¼d e.V"]
[BlackTeam "SC Schwarz-WeiÃŸ NÃ¼rnberg SÃ¼d e.V"]

1. e4 c6 2. Nc3 d5 3. Nf3 Bg4 4. h3 Bh5 5. g4 Bg6 6. e5 e6 7. d4 Nd7 8. h4 h6
9. h5 Bh7 10. Be3 a6 11. Na4 Qa5+ 12. c3 b5 13. b4 Qxa4 14. Qxa4 bxa4 15. Be2
Nb6 16. O-O Ne7 17. Ne1 g6 18. Nd3 gxh5 19. gxh5 Bxd3 20. Bxd3 Nf5 21. Rae1 Kd7
22. Kh2 Be7 23. Rg1 Nxe3 24. Rxe3 Bg5 25. Re2 Rhg8 26. Rg4 Be7 27. f3 Rxg4 28.
fxg4 Bg5 29. Rf2 Ke7 30. Kg2 Nc4 31. Re2 Rf8 32. Kh3 f6 33. Kg2 fxe5 34. dxe5
Bf4 35. Bxc4 dxc4 36. Re4 Kd7 37. Rxc4 Bxe5 38. Rc5 Kd6 39. Ra5 Bxc3 40. Rxa6
Rf4 41. b5 Rxg4+ 42. Kf3 Rc4 43. bxc6 Rxc6 44. Rxa4 Rc5 45. Rh4 Ra5 46. Rh2 Rd5
47. Ke3 Kc5 48. a3 Rg5 49. Kd3 Bd4 50. Ke4 e5 51. Rh3 Kb5 52. Kd5 Ka4 53. Ke4
Bb2 54. Kd5 Bxa3 55. Rh2 Bc1 56. Kc4 Ka3 57. Rh3+ Ka2 58. Rh2+ Bb2 59. Kd5 Kb3
60. Rh3+ Kb4 61. Ke4 Kc4 62. Rh1 Bd4 63. Rh3 Kc5 64. Rh1 Kd6 65. Rh3 Ke6 66.
Rh4 Kf6 67. Rh1 Rg4+ 68. Kd5 Kg5 69. Ke6 Rh4 70. Rf1 Rxh5 0-1

[Event "Kreismeisterschaft Mittelfranken Mitte 2"]
[Site "Nuernberg"]
[Date "2026.01.06"]
[Round "7.20"]
[White "Poerzgen, Michael"]
[Black "Thoma, Dirk"]
[Result "0-1"]
[WhiteElo "1833"]
[BlackElo "1753"]
[PlyCount "74"]
[EventDate "2026.01.02"]
[WhiteTeam "SC Schwarz-WeiÃŸ NÃ¼rnberg SÃ¼d e.V"]
[BlackTeam "SC Noris-Tarrasch NÃ¼rnberg 1873"]

1. d4 Nf6 2. b3 e6 3. Nf3 b6 4. e3 Bb7 5. Be2 Be7 6. O-O O-O 7. c4 d5 8. Nbd2
c5 9. Bb2 Nc6 10. Rc1 Rc8 11. Re1 Bd6 12. Bd3 cxd4 13. Nxd4 Nxd4 14. Bxd4 Ba3
15. Rc2 Qe7 16. cxd5 Rxc2 17. Bxc2 e5 18. Ba1 Bxd5 19. e4 Bb7 20. Nc4 Rd8 21.
Qf3 Bb4 22. Rd1 Rxd1+ 23. Qxd1 Bxe4 24. Bxe4 Nxe4 25. Nxe5 Qe6 26. Qf3 f6 27.
Nc4 Qd5 28. Ne3 Qc6 29. Qd1 Ba3 30. Nc4 Bc5 31. Bb2 Bxf2+ 32. Kf1 Bc5 33. Qd8+
Kf7 34. Bd4 Be7 35. Qb8 b5 36. Ne3 Qc1+ 37. Ke2 Qd2+ 0-1

[Event "Kreismeisterschaft Mittelfranken Mitte 2"]
[Site "Nuernberg"]
[Date "2026.01.06"]
[Round "7.23"]
[White "Nesmjanowitsch, Julia"]
[Black "Naegelein, Louis"]
[Result "1/2-1/2"]
[WhiteElo "1660"]
[BlackElo "1692"]
[PlyCount "83"]
[EventDate "2026.01.02"]
[WhiteTeam "SC JÃ„KLECHEMIE Talente Franken e"]
[BlackTeam "SV Postbauer e.V."]

1. e4 c6 2. d4 d5 3. f3 e6 4. Be3 Nd7 5. Nc3 dxe4 6. fxe4 Ngf6 7. e5 Nd5 8.
Nxd5 cxd5 9. Nf3 Be7 10. Bd3 O-O 11. c3 f6 12. Qc2 f5 13. O-O-O Nb6 14. h4 Kh8
15. Bg5 Bd7 16. Rdg1 Nc4 17. Qe2 b5 18. Bxe7 Qxe7 19. h5 a5 20. g4 f4 21. Nh4
Be8 22. Bxh7 Qg5 23. Nf3 Qe7 24. Bg6 Ne3 25. Bxe8 Qxe8 26. g5 Nf5 27. g6 Nh6
28. Qh2 b4 29. Ng5 bxc3 30. Nf7+ Rxf7 31. gxf7 cxb2+ 32. Kb1 Qxf7 33. Rg5 Rc8
34. Qxb2 Qe8 35. Qd2 Qb5+ 36. Ka1 Qa4 37. Qxf4 Nf5 38. h6 g6 39. Rxf5 gxf5 40.
Qh4 Rf8 41. h7 Qc4 42. Qf2 1/2-1/2

[Event "Kreismeisterschaft Mittelfranken Mitte 2"]
[Site "Nuernberg"]
[Date "2026.01.06"]
[Round "7.24"]
[White "Majid, Hakim"]
[Black "Mueller, Gerhard"]
[Result "0-1"]
[WhiteElo "1592"]
[BlackElo "1750"]
[PlyCount "148"]
[EventDate "2026.01.02"]
[WhiteTeam "SC Schwarz-WeiÃŸ NÃ¼rnberg SÃ¼d e.V"]
[BlackTeam "SC Schwarz-WeiÃŸ NÃ¼rnberg SÃ¼d e.V"]

1. e4 c5 2. Bc4 e6 3. Nc3 Nc6 4. Nf3 a6 5. d4 cxd4 6. Nxd4 Ne5 7. Be2 b5 8. a3
Bb7 9. O-O Nf6 10. f3 Bc5 11. Kh1 Rc8 12. Nb3 Bb6 13. Bf4 Bc7 14. Be3 O-O 15.
f4 Nc4 16. Bxc4 bxc4 17. Nd2 Ba5 18. e5 Nd5 19. Nxd5 Bxd5 20. Nf3 d6 21. exd6
Qxd6 22. Ng5 Qc6 23. Qg4 h6 24. Nh3 Be4 25. c3 f5 26. Qg3 Rb8 27. Rf2 Rfd8 28.
Bd4 Rd7 29. Ng1 Bb6 30. Bxb6 Rxb6 31. Ne2 Rxb2 32. Nd4 Qb6 33. Rxb2 Qxb2 34.
Re1 Re7 35. Re2 Qxa3 36. h3 Kf7 37. Kh2 Qd6 38. Qe3 Qd7 39. Rd2 Qb7 40. Qe2 Bd3
41. Qh5+ Kf8 42. Nf3 a5 43. Ne5 Kg8 44. Ng6 Rd7 45. Ne5 Rd8 46. Qg6 Qb6 47.
Qf7+ Kh8 48. Ng6+ Kh7 49. Nf8+ Rxf8 50. Qxf8 a4 51. Qa3 Qb3 52. Ra2 Qxa3 53.
Rxa3 Bc2 54. Kg3 Kg6 55. h4 Kf6 56. Kf3 e5 57. g3 e4+ 58. Ke3 g5 59. hxg5+ hxg5
60. fxg5+ Kxg5 61. Ra2 Bb3 62. Ra1 Kg4 63. Kf2 f4 64. gxf4 Kxf4 65. Re1 a3 66.
Ke2 a2 67. Kd2 e3+ 68. Ke2 Bc2 69. Kf1 Kf3 70. Kg1 Bb1 71. Rf1+ Ke2 72. Rf8
a1=Q 73. Kh2 Qxc3 74. Kg3 Qg7+ 0-1

[Event "Kreismeisterschaft Mittelfranken Mitte 2"]
[Site "Nuernberg"]
[Date "2026.01.06"]
[Round "7.27"]
[White "Sarcevic, Ivo"]
[Black "Scheitler, Wolfgang"]
[Result "0-1"]
[WhiteElo "1674"]
[BlackElo "1699"]
[PlyCount "86"]
[EventDate "2026.01.02"]
[WhiteTeam "SC Schwarz-WeiÃŸ NÃ¼rnberg SÃ¼d e.V"]
[BlackTeam "SC Schwarz-WeiÃŸ NÃ¼rnberg SÃ¼d e.V"]

1. e4 c6 2. f4 d5 3. e5 Bf5 4. Be2 e6 5. Nf3 h6 6. d4 Nd7 7. Be3 a6 8. O-O c5
9. c3 Rc8 10. Bd3 Ne7 11. Nh4 g6 12. Bxf5 Nxf5 13. Nxf5 gxf5 14. Rf3 Qb6 15. b3
cxd4 16. cxd4 Qc6 17. Qe2 Qc2 18. Qxc2 Rxc2 19. Rf2 Rxf2 20. Kxf2 Bb4 21. a3
Ba5 22. b4 Bd8 23. Nc3 f6 24. Na4 fxe5 25. dxe5 b5 26. Nc5 Nxc5 27. Bxc5 Be7
28. Bxe7 Kxe7 29. Rc1 Kd7 30. Ke3 Rc8 31. Rxc8 Kxc8 32. Kd4 Kd7 33. Kc5 Kc8 34.
Kb6 d4 35. Kxa6 d3 36. Kxb5 d2 37. a4 d1=Q 38. a5 Qd8 39. a6 Kd7 40. a7 Qa8 41.
Ka6 Kc8 42. b5 Qb7+ 43. Ka5 Qxa7+ {Rest unklar} 0-1